000 00669 a2200301 4500
260 _aParis
630 _a34 - Droit. Jurisprudence. Legislation
037 _b3, WVSC
037 _b1, Achat
650 _a3 - SCIENCES SOCIALES
100 _aHamelin, Jacques
700 _aDamien, André
260 _bDalloz
245 _aLes Règles de la profession d'avocat
300 _a563 p.
650 _aAvocat : déontologie
260 _c2000
300 _b26 cm
100 _lFr
037 _aDE 9767
037 _aDE 9768
037 _aDE 9782
037 _aDE 7553
250 _a9e éd.
020 _a2-247-03388-1
999 _c37231
_d37231